000 00520nam a2200181 4500
001 112325
003 ES-MaACL
005 20251003063118.0
007 t|
008 061121s1959 sp r ||||1| spa d
100 1 _aEspinalt, Carles M.,
_d1920-1993
_984412
245 1 0 _aGrafología aplicada /
_cCarlos Muñoz Espinalt.
260 _aBarcelona :
_bToray,
_c1959.
300 _a194 p. :
_bil ;
_c22 cm.
650 _aGrafología.
_913152
852 _aES-MaACL
_jC-17570
_bR.45597
999 _c112325
_d112325